Rubber: Karshakarkkoru Kaippusthakam (Record no. 45085)

MARC details
000 -LEADER
fixed length control field 00334nam a2200121Ia 4500
041 ## - LANGUAGE CODE
Language code of text/sound track or separate title Malayalam
100 ## - MAIN ENTRY--AUTHOR NAME
Personal name K. G. Satheeskumar
245 #0 - TITLE STATEMENT
Title Rubber: Karshakarkkoru Kaippusthakam
260 ## - PUBLICATION, DISTRIBUTION, ETC. (IMPRINT)
Name of publisher Rubber Research Institute of India
Place of publication Kottayam
Year of publication 2010
650 ## - SUBJECT ADDED ENTRY--TOPICAL TERM
Topical Term Extension
942 ## - ADDED ENTRY ELEMENTS (KOHA)
Koha item type Publications
Holdings
Withdrawn status Lost status Damaged status Not for loan Collection code Home library Current library Date acquired Cost, normal purchase price Accession Number Koha item type
      Publications Book publications RRII Library RRII Library 31/12/2021 50.00 BK 43 Publications